| 000 | 00622nam a2200241Ia 4500 | ||
|---|---|---|---|
| 003 | OSt | ||
| 005 | 20220916111005.0 | ||
| 006 | a|||||r|||| 00| 0 | ||
| 007 | ta | ||
| 008 | 220915b |||||||| |||| 00| 0 tel d | ||
| 024 | _a83,741 | ||
| 037 | _cTextbook | ||
| 040 |
_btel _aARTS _cARTS |
||
| 041 | _atel | ||
| 082 | _aO15,2LSI,1, 35H6 | ||
| 100 | _aGidugu Venkata Sitapati Au. | ||
| 245 | 0 | _aKuvalayavali Natika | |
| 260 | _c1946 | ||
| 300 |
_a160p. _ccm. |
||
| 650 | _aSANSKRIT LITERATURE | ||
| 942 |
_hO15,2LSI,1, 35H6 _cTB _2CC |
||
| 999 |
_c102853 _d102853 |
||